000 00694nam a22002177a 4500
005 20131220145644.0
010 _aENG-108923
020 _a9788120348738
_c375.00
035 _aEN-92456
037 _bDBAD/PUB
082 _a658.5752
100 _aChitale, A. K.
245 _aProduct design and manufacturing /
_cby A. K. Chitale [and] R. C. Gupta
250 _a6th ed
260 _aNew Delhi
_bPHI Learning
_c2013
270 _aRimjhim House,111, Patparganj Industrial Estate,
_bNew Delhi
_e110092
300 _axvii,576p. :
_c24cm(pbk)
_bill.
500 _aIncludes bibliographical references and index
700 _aGupta, R. C.
942 _2ddc
_cEN
_mCHI
_h658.5752
999 _c81324
_d81324